<?xml version="1.0" encoding="UTF-8"?><?xml-stylesheet type="text/xsl" href="static/style.xsl"?><OAI-PMH xmlns="http://www.openarchives.org/OAI/2.0/" xmlns:xsi="http://www.w3.org/2001/XMLSchema-instance" xsi:schemaLocation="http://www.openarchives.org/OAI/2.0/ http://www.openarchives.org/OAI/2.0/OAI-PMH.xsd"><responseDate>2026-04-13T06:57:09Z</responseDate><request verb="GetRecord" identifier="oai:www.recercat.cat:10256/23124" metadataPrefix="marc">https://recercat.cat/oai/request</request><GetRecord><record><header><identifier>oai:recercat.cat:10256/23124</identifier><datestamp>2024-06-18T14:36:08Z</datestamp><setSpec>com_2072_452955</setSpec><setSpec>com_2072_2054</setSpec><setSpec>col_2072_452959</setSpec></header><metadata><record xmlns="http://www.loc.gov/MARC21/slim" xmlns:dcterms="http://purl.org/dc/terms/" xmlns:xsi="http://www.w3.org/2001/XMLSchema-instance" xmlns:doc="http://www.lyncode.com/xoai" xsi:schemaLocation="http://www.loc.gov/MARC21/slim http://www.loc.gov/standards/marcxml/schema/MARC21slim.xsd">
   <leader>00925njm 22002777a 4500</leader>
   <datafield ind2=" " ind1=" " tag="042">
      <subfield code="a">dc</subfield>
   </datafield>
   <datafield ind2=" " ind1=" " tag="720">
      <subfield code="a">Salado, Isabel</subfield>
      <subfield code="e">author</subfield>
   </datafield>
   <datafield ind2=" " ind1=" " tag="720">
      <subfield code="a">Alvarez Blanco, Paloma</subfield>
      <subfield code="e">author</subfield>
   </datafield>
   <datafield ind2=" " ind1=" " tag="720">
      <subfield code="a">Boulay, Raphaël</subfield>
      <subfield code="e">author</subfield>
   </datafield>
   <datafield ind2=" " ind1=" " tag="720">
      <subfield code="a">Blight, Olivier</subfield>
      <subfield code="e">author</subfield>
   </datafield>
   <datafield ind2=" " ind1=" " tag="720">
      <subfield code="a">Abril, Sílvia</subfield>
      <subfield code="e">author</subfield>
   </datafield>
   <datafield ind2=" " ind1=" " tag="720">
      <subfield code="a">Cerdá Sureda, Xim</subfield>
      <subfield code="e">author</subfield>
   </datafield>
   <datafield ind2=" " ind1=" " tag="720">
      <subfield code="a">Angulo, Elena</subfield>
      <subfield code="e">author</subfield>
   </datafield>
   <datafield ind2=" " ind1=" " tag="260">
      <subfield code="c">2023-03-10</subfield>
   </datafield>
   <datafield ind2=" " ind1=" " tag="520">
      <subfield code="a">The Argentine ant is one of the five worst invasive ants. Recently it has been shown that one of the main compounds of its pygidial gland, iridomyrmecin, is used as a venom against competitors and enemies. Here, we explore the variability in the quantities of iridomyrmecin of individual workers, along a range of locations pertaining to both its native and invasive ranges, in order to know whether its venom could have contributed to the differential invasion success of European supercolonies. We specifically compared the amount of iridomyrmecin among supercolonies in the native range and among three invasive supercolonies: the Main supercolony (the most extended worldwide), the Corsican and the Catalonian supercolonies (both with a restricted distribution in Europe). Our main result is that the variability of the iridomyrmecin is very high. Looking at mean values, we found that the amount of iridomyrmecin of the Main supercolony was the lowest while the highest corresponded to the Corsican supercolony, with the Catalonian and the native range supercolonies having intermediate values. However, variability in the values within each supercolony was similar between supercolonies. This suggests that the success of a given invasive supercolony may not be explained by higher quantities of this defensive compound. Our results open the way for exploring the connection between defensive compounds and the invasion success of this global invader</subfield>
   </datafield>
   <datafield ind2=" " ind1=" " tag="520">
      <subfield code="a">Funds came from the Spanish MINECO and FEDER (CGL2013-43660-P, CGL2015-65807-P). Spanish MINECO also funded E.A. (RyC postdoctoral fellowship), P.A-B. (predoctoral fellowship [BES-2013-064713]) and I.S. (JAE-Intro fellowship [JAEINT17-EX-0526])</subfield>
   </datafield>
   <datafield ind2=" " ind1=" " tag="520">
      <subfield code="a">Open Access funding provided thanks to the CRUE-CSIC agreement with Springer Nature</subfield>
   </datafield>
   <datafield ind1="8" ind2=" " tag="024">
      <subfield code="a">http://hdl.handle.net/10256/23124</subfield>
   </datafield>
   <datafield tag="653" ind2=" " ind1=" ">
      <subfield code="a">Animals invasors</subfield>
   </datafield>
   <datafield tag="653" ind2=" " ind1=" ">
      <subfield code="a">Introduced organisms</subfield>
   </datafield>
   <datafield tag="653" ind2=" " ind1=" ">
      <subfield code="a">Formiga argentina</subfield>
   </datafield>
   <datafield tag="653" ind2=" " ind1=" ">
      <subfield code="a">Argentine ant</subfield>
   </datafield>
   <datafield ind2="0" ind1="0" tag="245">
      <subfield code="a">The variability of iridomyrmecin, the venom of the Argentine ant, in its native and invasive ranges</subfield>
   </datafield>
</record></metadata></record></GetRecord></OAI-PMH>